000 00260nam a22001217a 4500
008 170525b xxu||||| |||| 00| 0 eng d
041 _aeng
080 _a621.38
100 _a56
101 _aIM
245 _aPOWER ELECTRONIC
_cHERMAN..C
942 _2udc
_cBK
999 _c14204
_d14204